Сравнительный анализ результатов кадастровой оценки лесных земель, рассчитанных при использовании древесных и пищевых ресурсов; Проблемы геологии и освоения недр; Т. 1

Detalles Bibliográficos
Parent link:Проблемы геологии и освоения недр: труды XIX Международного симпозиума имени академика М. А. Усова студентов и молодых ученых, посвященного 70-летнему юбилею Победы советского народа над фашистской Германией, Томск, 6-10 апреля 2015 г./ Национальный исследовательский Томский политехнический университет (ТПУ), Институт природных ресурсов (ИПР) ; Общество инженеров-нефтяников, международная некоммерческая организация, Студенческий чаптер ; под ред. А. Ю. Дмитриева.— , 2015
Т. 1.— [С. 549-551]
Autor Principal: Романчиков А. Ю.
Autor Corporativo: Национальный исследовательский Томский политехнический университет (ТПУ) Институт природных ресурсов (ИПР) Кафедра общей геологии и землеустройства (ОГЗ)
Outros autores: Ковязин В. Ф., Пасько О. А. Ольга Анатольевна
Summary:Заглавие с экрана
Idioma:ruso
Publicado:
Series:Землеустройство: наука и практика
Subjects:
Acceso en liña:http://earchive.tpu.ru/handle/11683/22692
http://www.lib.tpu.ru/fulltext/c/2015/C11/V1/253.pdf
Formato: Electrónico Capítulo de libro
KOHA link:https://koha.lib.tpu.ru/cgi-bin/koha/opac-detail.pl?biblionumber=615015

MARC

LEADER 00000naa2a2200000 4500
001 615015
005 20231101132834.0
035 |a (RuTPU)RU\TPU\conf\13192 
035 |a RU\TPU\conf\13191 
090 |a 615015 
100 |a 20151021d2015 k y0rusy50 ca 
101 0 |a rus 
102 |a RU 
105 |a y z 100zy 
135 |a drgn ---uucaa 
181 0 |a i  
182 0 |a b 
200 1 |a Сравнительный анализ результатов кадастровой оценки лесных земель, рассчитанных при использовании древесных и пищевых ресурсов  |f А. Ю. Романчиков, В. Ф. Ковязин, О. А. Пасько 
203 |a Текст  |c электронный 
225 1 |a Землеустройство: наука и практика 
230 |a 1 компьютерный файл (pdf; 334 Kb) 
300 |a Заглавие с экрана 
320 |a [Библиогр.: с. 551 (10 назв.)] 
337 |a Adobe Reader 
461 1 |0 (RuTPU)RU\TPU\conf\12865  |t Проблемы геологии и освоения недр  |o труды XIX Международного симпозиума имени академика М. А. Усова студентов и молодых ученых, посвященного 70-летнему юбилею Победы советского народа над фашистской Германией, Томск, 6-10 апреля 2015 г.  |o в 2 т.  |f Национальный исследовательский Томский политехнический университет (ТПУ), Институт природных ресурсов (ИПР) ; Общество инженеров-нефтяников, международная некоммерческая организация, Студенческий чаптер ; под ред. А. Ю. Дмитриева  |d 2015 
463 1 |0 (RuTPU)RU\TPU\conf\12868  |t Т. 1  |v [С. 549-551] 
610 1 |a труды учёных ТПУ 
610 1 |a электронный ресурс 
610 1 |a сравнительный анализ 
610 1 |a кадастровая оценка 
610 1 |a лесные земли 
610 1 |a леса 
610 1 |a пищевые ресурсы 
700 1 |a Романчиков  |b А. Ю. 
701 1 |a Ковязин  |b В. Ф. 
701 1 |a Пасько  |b О. А.  |c биолог  |c профессор Томского политехнического университета, доктор сельскохозяйственных наук  |f 1957-  |g Ольга Анатольевна  |2 stltpush  |3 (RuTPU)RU\TPU\pers\29381 
712 0 2 |a Национальный исследовательский Томский политехнический университет (ТПУ)  |b Институт природных ресурсов (ИПР)  |b Кафедра общей геологии и землеустройства (ОГЗ)  |h 5946  |2 stltpush  |3 (RuTPU)RU\TPU\col\18663 
801 2 |a RU  |b 63413507  |c 20210118  |g RCR 
856 4 |u http://earchive.tpu.ru/handle/11683/22692 
856 4 |u http://www.lib.tpu.ru/fulltext/c/2015/C11/V1/253.pdf 
942 |c BK